00961nam a2200289 4500001000800000003000400008005001700012008000400029010001700033020001500050040002000065050002400085082001700109245007900126250001200205260003700217300003600254500007500290504003900365600002000404650001800424700003200442906004500474942001200519999001300531952012700544186045600020150212083656.0000 a 82013109  a0070697620 aUOEMLcDLCdDLC00aQP514.2b.P754 198300a574.19/221900aPrinciples of biochemistry, general aspects /cEmil L. Smith ... [et al.]. a7th ed. aNew York :bMcGraw-Hill,cc1983. axviii, 886 p. :bill. ;c24 cm. aCompanion vol. of: Principles of biochemistry, mammalian biochemistry. aIncludes bibliographies and index. aHill, Robert L. 0aBiochemistry.1 aSmith, Emil L.,d1911-2009. a7bcbccorignewd1eocipf19gy-gencatlg 2lcccLL c304d304 00102lcc4070aUOEbUOEcGENd2014-02-24l0oQP514.2 .P754 1983p20137971r2026-04-27 11:52:02t20137971w2014-02-24yLL